Maintenance of horticultural equipments (Record no. 13744)
[ view plain ]
| 000 -LEADER | |
|---|---|
| fixed length control field | 00283nam a22001217a 4500 |
| 020 ## - INTERNATIONAL STANDARD BOOK NUMBER | |
| ISBN | 9788176222044 |
| 082 ## - DEWEY DECIMAL CLASSIFICATION NUMBER | |
| Classification number | 635 |
| Item number | REY/MA |
| 100 ## - MAIN ENTRY--AUTHOR NAME | |
| Personal name | Reynolds, P.A |
| 245 ## - TITLE STATEMENT | |
| Title | Maintenance of horticultural equipments |
| 260 ## - PUBLICATION, DISTRIBUTION, ETC. (IMPRINT) | |
| Place of publication | Delhi |
| Name of publisher | Biotech Books |
| Year of publication | 2009 |
| 300 ## - PHYSICAL DESCRIPTION | |
| Number of Pages | 184 p |
| 942 ## - ADDED ENTRY ELEMENTS (KOHA) | |
| Koha item type | Books |
| Withdrawn status | Lost status | Damaged status | Collection code | Home library | Current library | Shelving location | Date acquired | Source of acquisition | Cost, normal purchase price | Full call number | Accession Number | Koha item type |
|---|---|---|---|---|---|---|---|---|---|---|---|---|
| Non-fiction | KAUAET | KAUAET | General Stacks | 31/03/2012 | Penta Book Distributors, Calicut | 550.00 | 635 REY/MA | 22641 | Books |
